| 000 | 00614nam a2200205 i 4500 | ||
|---|---|---|---|
| 001 | 396722 | ||
| 005 | 20180221080737.0 | ||
| 008 | 800226s1979 inua 000 0 eng | ||
| 010 | _a 79123028 | ||
| 040 |
_aDLC _cDLC _dDLC |
||
| 041 | _aeng | ||
| 043 | _an-us-in | ||
| 080 | _a349.7720712 ARB | ||
| 082 | 0 | 0 | _a349.7720712 ARB |
| 100 | 1 | _a14 | |
| 101 | _aJUR | ||
| 245 | 1 | 0 |
_aIndiana supplement to Street law, a course in practical law / _cdeveloped by Charles F. Crutchfield, in conjunction with the National Street Law Institute. |
| 906 |
_a7 _bcbc _corignew _d2 _encip _f19 _gy-gencatlg |
||
| 942 |
_2ddc _cBK |
||
| 999 |
_c43067 _d43067 |
||